The identity of emigrants from México City /
Guardado en:
| Hovedforfatter: | |
|---|---|
| Andre forfattere: | |
| Format: | Texto |
| Fag: | |
| Tags: |
Tilføj Tag
Ingen Tags, Vær først til at tagge denne postø!
|
MARC
| LEADER | 00000 a a2200000 04500 | ||
|---|---|---|---|
| 001 | 11658 | ||
| 003 | |||
| 040 | |||
| 100 | |a Sabates, Ricardo | ||
| 245 | |a The identity of emigrants from México City / |c Ricardo Sabates ; Fabio Pettirino | ||
| 650 | |a MIGRACION INTERNA | ||
| 650 | |a IDENTIDAD SOCIAL | ||
| 650 | |a MEXICO | ||
| 700 | |a Pettirino, Fabio | ||
| 773 | |g volumen 13, número 52; páginas 211-229 | ||
| 999 | |c 32944 |d 32944 | ||
